000 00641nam a2200205 i 4500
001 63054
003 ES-MaACL
005 20250828061410.0
007 t|
008 031128s1954 sp |||| | spa d
100 1 _aFernández Pousa, Ramón
_950010
245 1 0 _aPlauto y la educación romana /
_cpor Ramón Fernández Pousa.
260 _a[S.l. :
_bs.n.,
_c1954]
300 _a22 p. ;
_c24 cm.
595 _aSeparata de: Revista de archivos, bibliotecas y museos, t. 60, n. 1, 1954.
600 0 4 _aPlauto, Tito Maccio.
_992613
650 7 _aEducación romana
_2embne
_9170824
852 _aES-MaACL
_j1963-F-3
999 _c63054
_d63054